| 000 | 00548nam a2200169Ia 4500 | ||
|---|---|---|---|
| 008 | 100204s9999 xx 000 0 und d | ||
| 082 | _b29161 | ||
| 100 | _aगार्डनर अर्ल स्टॅनले | ||
| 245 | _aकचाटयातील वारस | ||
| 250 | _a0 | ||
| 260 | _c2009 | ||
| 300 | _a184 | ||
| 630 | _aकचाटयातील वारस | ||
| 700 | _aआफळे ज्योती-स्वैररुपांतर | ||
| 730 | _aकचाटयातील वारस | ||
| 942 | _cBOOK | ||
| 999 |
_c474405 _d474402 |
||